F1 - Les pilotes avec 10 victoires ou plus en F1 - Statistiques

Statistiques générales
  • Ce quiz a été pris 311 fois
    153 depuis la dernière actualisation
  • Le résultat moyen est 21 sur 36
Statistiques - réponses
Victoires Nationalités Pilotes % Correct
105 Royaume-Uni Lewis Hamilton
100%
91 Allemagne Michael Schumacher
99%
51 France Alain Prost
98%
41 Brésil Ayrton Senna
98%
32 Espagne Fernando Alonso
98%
71 Pays-Bas Max Verstappen
98%
53 Allemagne Sebastian Vettel
95%
21 Finlande Kimi Räikkönen
88%
25 Autriche Niki Lauda
78%
24 Argentine Juan Manuel Fangio
75%
20 Finlande Mika Häkkinen
75%
11 Canada Jacques Villeneuve
72%
11 Royaume-Uni Lando Norris
72%
23 Allemagne Nico Rosberg
72%
10 Finlande Valtteri Bottas
71%
15 Royaume-Uni Jenson Button
63%
22 Royaume-Uni Damon Hill
58%
23 Brésil Nelson Piquet
58%
14 Royaume-Uni Graham Hill
57%
11 Brésil Felipe Massa
55%
31 Royaume-Uni Nigel Mansell
52%
27 Royaume-Uni Jackie Stewart
51%
13 Italie Alberto Ascari
45%
14 Brésil Emerson Fittipaldi
42%
10 Royaume-Uni James Hunt
40%
25 Royaume-Uni Jim Clark
40%
11 Brésil Rubens Barrichello
39%
10 Afrique du Sud Jody Scheckter
35%
14 Australie Jack Brabham
33%
12 Etats-Unis Mario Andretti
29%
12 Australie Alan Jones
27%
13 Royaume-Uni David Coulthard
18%
10 Suède Ronnie Peterson
16%
16 Royaume-Uni Stirling Moss
16%
10 Autriche Gerhard Berger
15%
12 Argentine Carlos Reutemann
11%
Aucun quiz correspondant
Distribution des résultats
% des personnes avec chaque résultat
Percentile par nombre de réponses
Votre historique - résultats
Vous n’avez pas pris ce quiz depuis la dernière actualisation